[Event "FICGS class A 000055 email"]
[Site "FICGS email"]
[Date "2009.08.12"]
[Round "1"]
[White "Nichols, Scott"]
[Black "Serov, Albert"]
[Result "1-0"]
[WhiteElo "2103"]
[BlackElo "2000"]
[PlyCount "37"]
[EventDate "2009.??.??"]
[EventType "tourn (corr)"]
[EventRounds "6"]
[SourceTitle "Corr 2022"]
[Source "ChessBase"]
[SourceDate "2021.10.24"]
[SourceVersion "1"]
[SourceVersionDate "2021.10.24"]
[SourceQuality "1"]

1. e4 c5 2. Nf3 d6 3. d4 cxd4 4. Nxd4 Nf6 5. Nc3 a6 6. Bc4 e6 7. a4 Be7 8. 0-0 Nc6 9. Nxc6 bxc6 10. a5 d5 11. exd5 cxd5 12. Bd3 0-0 13. Be3 e5 14. Bb6 Qd7 15. Na4 Qc6 16. Re1 e4 17. Be2 Be6 18. c3 Nd7 19. Bd4 1-0